Teoría sociológica

Guardat en:
Dades bibliogràfiques
Autor principal: Agulla, Juan Carlos (Autor)
Format: Llibre
Idioma:espanyol
Publicat: Ciudad de México UNAM 1964
Col·lecció:Cuadernos de Sociología
Matèries:
Etiquetes: Afegir etiqueta
Sense etiquetes, Sigues el primer a etiquetar aquest registre!

MARC

LEADER 00000nam a2200000 a 4500
001 UCR0015
003 CL-VaPUC
005 20240820101853.0
008 971129e19640000MX |||||||||||||||||spa|d
999 |c 263675  |d 263673 
040 |c Pontificia Universidad Católica de Valparaíso 
082 0 4 |a 301  |b AGU  |2 21 
100 0 |a Agulla, Juan Carlos  |e author  |9 395315 
245 1 0 |a Teoría sociológica 
260 |a Ciudad de México  |b UNAM  |c 1964 
300 |a 155 p 
490 0 |a Cuadernos de Sociología 
583 |a last modification  |c 19971129 00:00:00  |k Rodrigo Vera 
600 0 |a Comte, Auguste  |9 334591 
600 0 7 |a WEBER, MAX  |2 CL-VaPUC  |9 314708 
600 0 7 |a Ortega y Gasset, José,  |d 1883-1955  |9 551380 
600 0 |a Rousseau, Jean Jacques  |e autor  |9 255697 
650 0 |a Sociología   |9 255410 
650 0 |a Aspectos filosóficos   |9 265456 
650 0 |a Política  |9 255312 
942 |c BK  |2 ddc 
945 |d 19971129 00:00:00  |a jquezada 
952 |0 0  |1 0  |4 0  |6 301_000000000000000_AGU_1964  |7 0  |8 A  |9 293052  |a BIBGIM  |b BIBGIM  |d 2019-11-19  |i 3371522  |o 301 AGU 1964  |p 3371522  |r 2025-01-15  |w 2019-11-19  |y BK  |k GIM